CBRE global market rents (Record no. 105731)

MARC details
000 -LEADER
fixed length control field 01039cam a2200229 4500
001 - CONTROL NUMBER
control field ##L134565
008 - FIXED-LENGTH DATA ELEMENTS--GENERAL INFORMATION
fixed length control field 060816n2006 000 0 eng u
035 ## - SYSTEM CONTROL NUMBER
System control number (Sirsi) u134565
041 0# - LANGUAGE CODE
Language code of text/sound track or separate title eng
050 04 - LIBRARY OF CONGRESS CALL NUMBER
Classification number 333.33 $2 18
110 2# - MAIN ENTRY--CORPORATE NAME
Corporate name or jurisdiction name as entry element CB Richard Ellis
9 (RLIN) 3675
245 00 - TITLE STATEMENT
Title CBRE global market rents
Remainder of title May 2006
260 ## - PUBLICATION, DISTRIBUTION, ETC.
Place of publication, distribution, etc. London
Name of publisher, distributor, etc. CBRE
Date of publication, distribution, etc. 2006
490 #0 - SERIES STATEMENT
Series statement CB Richard Ellis Global Market Rents
505 2# - FORMATTED CONTENTS NOTE
Formatted contents note Dispatches -- Global 50 index -- Asia Pacific -- Latin America and the Caribbean -- United States and Canada -- Europe, Middle East and Africa -- Terms and definitions
520 ## - SUMMARY, ETC.
Summary, etc. Reports office rents and occupancy costs worldwide. Reviews each region's economic situation and outlook, and provides snapshots of the office market in each region and its key cities. Tables.
650 24 - SUBJECT ADDED ENTRY--TOPICAL TERM
Topical term or geographic name entry element CB RICHARD ELLIS GLOBAL MARKET RENTS INDEX
651 #4 - SUBJECT ADDED ENTRY--GEOGRAPHIC NAME
Geographic name International
690 ## - LOCAL SUBJECT ADDED ENTRY--TOPICAL TERM (OCLC, RLIN)
Topical term or geographic name as entry element PROPERTY-COMMERCIAL PROPERTY-OFFICE PROPERTY
856 40 - ELECTRONIC LOCATION AND ACCESS
Uniform Resource Identifier <a href="https://www.cbre.com/">https://www.cbre.com/</a>
Public note View the item free of charge at www.cbre.com...
942 ## - ADDED ENTRY ELEMENTS (KOHA)
Suppress in OPAC 0
Holdings
Withdrawn status Lost status Source of classification or shelving scheme Damaged status Not for loan Home library Current library Shelving location Date acquired Total Checkouts Full call number Barcode Date last seen Copy number Price effective from Koha item type
    Dewey Decimal Classification     Virtual Virtual Online 16/08/2006   ONLINE PUBLICATION 134565-1001 06/08/2019 1 06/08/2019 Book